00469 a2200181 4500001000700000020001800007040001100025100002100036240002700057245002200084300000700106362000900113440001200122697002400134942000700158952010300165999001900268189666 a85-00-00531-9 cMagnum aAzevedo, Ricardo10aMeu nome é sapolpor10aMeu nome é sapo a230 a1999 1aEdiouro aLITERATURA INFANTIL cBK 00104070a32.5b32.5d2024-06-08l0o869.0.933pMAG00065113r2024-06-08 21:15:15w2024-06-08yBK c189666d189666